000 03133nam a22002537a 4500
005 20250618114210.0
008 240305b ||||| |||| 00| 0 eng d
020 _a 9789350249048
_q9789350511183
040 _cAL
041 _aEnglish
082 _a510.2433
_bKANM
100 _aBalwant Kandoi
_9215318
245 _aMathematics for business and economics with applications
260 _aMumbai
_bHimalaya Publishing House
_c2011
300 _a780 p.
_bHB
_c29x22 cm.
365 _a7776
_b₹1200.00
_c
_d₹1500.00
_e20%
_f16-02-2024
440 _aVolume I
_9153008
520 _aThe Book "Mathematics for Business and Economics with Application" is divided into Two Volumes. The First Volume consists of Unit-J of Ten Chapters of around 800 pages and the Second Volume consists of Unit-II and Unit-III of Nine Chapters of around 550 pages. The first Chapter of Vol-I viz. Basic Mathematical Concepts and Result is unique because it present all the basic concepts with aU the formulae required for a social at one place in this chapter. This chapter includes the following topics with properties & formulae : the number system/line, ratio and proportions, algebraic Inequalities, the I and IT properties, Logarithms, Trigonometry (all important formulae), permutations. The Binomial theorem (both cases). Equations, Mathematical Induction. AP/GP/HP/A-G, etc., Series-Exponential, logarithmic and Trig metric, Growth Rates Annuities and Present Value. The Volume-I discusses Basic Concepts and Result: Functions, Limits and Continuity. Diffraction Simple as well as Partial and Total. Euler’s theorem: Maxima and Minimal functions of one, two, three and n variables with/without constraints: integration: Matrix Algebra-inverse, rank, solution of equations. Gauss method, etc. and I.d/I.i of Vectors, Quadratic forms and Vector Quadratic forms and Vector differentiation. All topics have been discussed with business and Economic Application The Volume-II discusses Differential and Difference equations (All cases). Input/output analysis, line Programming (All Cases), Game Theory (All cases), AP/GP/HP/A-G, etc., Equation (All cases), Coordinate Geometry, Growth Rates / Annuities-Finding Amount/Sum and Present Value (All cases). All topics have discussed with Business and Economic Application.
521 _a. Contents : 1. Basic Mathematical Concepts and Results 2. Functions and their Application 3. Limits and Continuity and their applications 4. Simple Differentiation and Its Applications 5. Partial Differentiation and Its Applications 6. Maxima and Minima-I : Function of One Variable and Their Application 7. Maxima and Minima-II : Function of Two and More Variables and Their Application 8. Simple Integration and It applications 9. Matrix Algebra – I and Its Application (Inverse, Rank, Solution of Equations, etc.) 10. Matrix Algebra-II and Its Application (Vectors, I.i./l.d., Matrix Differentiation, etc.) University Question Papers With Answers Appendix : Table
650 _aBasic Mathematics
_9153228
650 _aEconomics
_9153229
650 _aOther Management
_9153230
942 _2ddc
_cBK
999 _c230056
_d230056